000 01251nam a2200337 a 4500
001 ebr10691504
003 CaPaEBR
006 m u
007 cr cn|||||||||
008 130506s2013 at s 001 0 eng d
020 _z9781118637623
020 _z9781118637647 (e-book)
040 _aCaPaEBR
_cCaPaEBR
035 _a(OCoLC)842363885
050 1 4 _aHF5718
_b.D65 2013eb
100 1 _aDolan, Gabrielle.
245 1 0 _aHooked
_h[electronic resource] :
_bhow leaders connect, engage and inspire with storytelling /
_cGabrielle Dolan, Yamini Naidu.
260 _aMilton, Qld. :
_bWiley,
_c2013.
300 _axvi, 183 p.
500 _aIncludes indexes.
533 _aElectronic reproduction.
_bPalo Alto, Calif. :
_cebrary,
_d2013.
_nAvailable via World Wide Web.
_nAccess may be limited to ebrary affiliated libraries.
650 0 _aBusiness communication.
650 0 _aBusiness presentations.
650 0 _aOral interpretation.
650 0 _aStorytelling.
650 0 _aSuccess in business.
655 7 _aElectronic books.
_2local
700 1 _aNaidu, Yamini.
710 2 _aebrary, Inc.
856 4 0 _uhttp://site.ebrary.com/lib/rucke/Doc?id=10691504
_zAn electronic book accessible through the World Wide Web; click to view
999 _c10631
_d10631